| 000 | 00646nam a22002177a 4500 | ||
|---|---|---|---|
| 003 | UA-OsUOA | ||
| 001 | 72486 | ||
| 007 | ta | ||
| 008 | 20110118b un ||||| |||| 00| 0 ukr d | ||
| 100 | _aСупрун О.М. | ||
| 090 |
_a330477) _bС89 |
||
| 942 | _cSA | ||
| 040 |
_aUA-OsUOA _bukr _cUA-OsUOA _dUA-OsUOA |
||
| 245 | _aФункціонування ринкової інфраструктури в аграрній сфері економіки | ||
| 300 | _aС.84-91 | ||
| 955 | _a0 | ||
| 041 | _aukr | ||
| 080 | _a330477) | ||
| 773 | 0 |
_w72481 _tЕкономіка АПК _dК. _d2011 _g1 |
|
| 650 | 7 |
_a330 Економіка взагалі _2UDC |
|
| 999 |
_c358792 _d358792 |
||